000 00236nam a2200097Ia 4500
001 703128
005 20250826162345.0
008 250824s9999 xx 000 0 und d
245 0 _aMAVİ EV
_cKAHRAMAN TAZEOĞLU
260 _bDESTEK YAYINLARI
999 _c703128
_d703128